| LEADER | 01090nam a22002417i 4500 | ||
|---|---|---|---|
| 001 | 312125 | ||
| 007 | ta | ||
| 008 | 260601s2023 xr ||||| |||| 00| 0 cze d | ||
| 020 | |a 9990003882974 | ||
| 044 | |a xr | ||
| 100 | 1 | |a Militká, Hana |4 aut | |
| 245 | 1 | 0 | |a Neznámý / |c Militká, Hana |
| 264 | 1 | |a Praha : |b E-knihy jedou, |c 2023 | |
| 300 | |a 1 online zdroj (158 stran) | ||
| 336 | |a text |b txt |2 rdacontent | ||
| 337 | |a bez média |b n |2 rdamedia | ||
| 338 | |a online zdroj |b cr |2 rdacarrier | ||
| 520 | 2 | |a Spisovatelka Hana Militká přináší další detektivní román ze série SID, tentokrát s názvem Neznámý. | |
| 787 | 0 | 8 | |g 4 |i Z cyklu: |t SID |
| 910 | |a RBIT002 | ||
| 998 | |d 388297 |a https://core.palmknihy.cz/api/books/388297/cover?s20088 |b https://core.palmknihy.cz/api/books/388297/cover/400?s20088 |c https://core.palmknihy.cz/api/books/388297/cover/50?s20088 |e |g 158 |i 9990003882974 |j https://core.palmknihy.cz/api/books/388297/preview.epub |k https://core.palmknihy.cz/api/books/388297/preview.pdf |l |q 49 |r 1 |s https://www.palmknihy.cz/kniha/388297 |t ebook |y 2023 |z 1 |v SID |w 4 | ||
| 999 | |d 312123 | ||